[Event "Moravia-chT 9798"]
[Site "CZE"]
[Date "1998.??.??"]
[Round "7.3"]
[White "Jaworski, Miroslaw"]
[Black "Vechet, Stanislav"]
[Result "1-0"]
[WhiteElo "2395"]
[BlackElo "2240"]

1.d4 d5 2.c4 e6 3.Nf3 Nf6 4.g3 Be7 5.Bg2 O-O 6.O-O c6 7.b3 b5 8.c5 a5 9.Bb2 Ne4
10.Qc2 Nd7 11.Ne1 f5 12.Nd3 Bg5 13.e3 Bh6 14.Nd2 Nxd2 15.Qxd2 Nf6 16.Ne5 Qc7
17.f3 Nd7 18.Nd3 Ba6 19.a3 Bg5 20.Bc3 a4 21.b4 Rae8 22.Rae1 Bc8 23.Qc2 Nf6
24.Bd2 Rd8 25.Bc3 Bd7 26.Ne5 Be8 27.h4 Bh6 28.g4 fxg4 29.fxg4 g5 30.h5 Nd7
31.Rxf8+ Bxf8 32.Bf1 Nxe5 33.dxe5 Bg7 34.Bd3 Bxe5 35.Bxh7+ Qxh7 36.Qxh7+ Kxh7
37.Bxe5 Rd7 38.Kg2 Rf7 39.e4 Kh6 40.Kg3 Rd7 41.exd5 Rxd5 42.Re3 Bd7 43.Kf3 Rd1
44.Bd6 Rf1+ 45.Kg2 Rf7 46.Re5 Rf4 47.Rxg5 Kxg5 48.Bxf4+ Kf6 49.Kg3 e5 50.Be3 Be6
51.Kh4 Bc4 52.Bc1 Be6 53.Bb2 Bd5 54.g5+ Kf5 55.g6 Kf6 56.Bxe5+ Kxe5 57.Kg5 Ke6
58.h6  1-0

[Event "CZE-chT2 9798"]
[Site "CZE"]
[Date "1998.??.??"]
[Round "9.7"]
[White "Sykora, Robert"]
[Black "Ptacnik, Petr"]
[Result "1/2-1/2"]
[WhiteElo "2110"]
[BlackElo "2200"]

1.d4 d5 2.Nf3 Nf6 3.c4 e6 4.g3 Be7 5.Bg2 O-O 6.O-O dxc4 7.Qc2 a6 8.a4 Nbd7
9.Nbd2 c5 10.dxc5 Bxc5 11.Nxc4 Qe7 12.Bf4 h6 13.Rad1 Nd5 14.Bd2 b6 15.Ne1 Bb7
16.Nd3 Rfc8 17.Qb3 Rab8 18.e4 N5f6 19.Bf4 Ra8 20.Nxc5 Nxc5 21.Qa3 Nfd7 22.Rxd7 Qxd7
23.Nxb6 Qe8 24.Nxa8 Bxa8 25.Rc1 Nxe4 26.Rxc8 Qxc8 27.Qb4 Nf6 28.Bxa8 Qxa8
29.Qb8+ Qxb8 30.Bxb8 Kf8 31.Kf1 Ke7 32.Ke2 Kd7 33.Be5 Ne8 34.Kd3 Kc6 35.Kc4 f6
36.Bc3 Nd6+ 37.Kd3 Kd5 38.f3 e5 39.Bb4 e4+ 40.fxe4+ Nxe4 41.Bf8 Nc5+ 42.Kc2  1/2-1/2

[Event "CZE-chT2 9798"]
[Site "CZE"]
[Date "1998.??.??"]
[Round "11.7"]
[White "Sykora, Robert"]
[Black "Groh, Jiri"]
[Result "1-0"]
[WhiteElo "2110"]
[BlackElo "2130"]

1.d4 d5 2.Nf3 Nf6 3.c4 e6 4.g3 Be7 5.Bg2 O-O 6.O-O b6 7.Nc3 Bb7 8.Ne5 c6
9.e4 dxc4 10.Nxc4 Na6 11.Be3 c5 12.d5 b5 13.d6 bxc4 14.dxe7 Qxe7 15.Qe2 Nb4
16.Qxc4 Ba6 17.Nb5 Rfc8 18.Rfc1 Qd7 19.a4 Nd3 20.Rc2 Rab8 21.Rd2 Bxb5 22.axb5 Ne5
23.Qc3 Qc7 24.Bf4 Nfd7 25.Rxd7 Qxd7 26.Bxe5 Rxb5 27.Bxg7 c4 28.Bh6 e5 29.Qf3 Qe6
30.Ra6 Rb6 31.Rxa7 Rxb2 32.Bh3  1-0

[Event "Neckar op 2nd"]
[Site "Deizisau"]
[Date "1998.??.??"]
[Round "9"]
[White "Haba, Petr"]
[Black "Beckmann, Klaus"]
[Result "1-0"]
[WhiteElo "2570"]
[BlackElo "2280"]

1.d4 d5 2.c4 e6 3.Nf3 Nf6 4.g3 Be7 5.Bg2 O-O 6.O-O dxc4 7.Qc2 a6 8.Qxc4 b5
9.Qc2 Bb7 10.Bg5 Nbd7 11.Bxf6 Nxf6 12.Nbd2 Rc8 13.Nb3 Be4 14.Qc3 Nd5 15.Qd2 c5
16.dxc5 Bxc5 17.Nxc5 Rxc5 18.Rac1 Rxc1 19.Rxc1 Qb6 20.Qd4 f5 21.Qxb6 Nxb6
22.Ng5 Bxg2 23.Kxg2 e5 24.Rc6 Rf6 25.Rc7 h6 26.Nf3 Re6 27.h4 Kh7 28.e3 Kg6
29.Nxe5+ Kf6 30.f4 Rd6 31.Kf3 g6 32.Ke2 Nd5 33.Rf7+ Ke6 34.Rg7  1-0

[Event "Dos Hermanas op"]
[Site "Dos Hermanas"]
[Date "1998.??.??"]
[Round "7"]
[White "Cifuentes Parada, Roberto"]
[Black "Frois, Antonio"]
[Result "1/2-1/2"]
[WhiteElo "2535"]
[BlackElo "2385"]

1.d4 Nf6 2.Nf3 d5 3.c4 e6 4.g3 Be7 5.Bg2 O-O 6.O-O dxc4 7.Qc2 a6 8.a4 Nbd7
9.Nbd2 c5 10.dxc5 c3 11.Nb3 Nxc5 12.Nxc5 Bxc5 13.Qxc3 Qb6 14.a5 Qb5 15.Be3 Be7
16.Qc2 Bd7 17.Bb6 Rac8 18.Qd2 Nd5 19.Nd4 Qb4 20.Qxb4 Bxb4 21.Rfc1 Rxc1+ 22.Rxc1 Rc8
23.Rxc8+ Bxc8 24.Bxd5 exd5 25.Nc2  1/2-1/2

[Event "Centrocoop June op-A"]
[Site "Eforie Nord "]
[Date "1998.??.??"]
[Round "?"]
[White "Vajda, Albert"]
[Black "Moshina, Cristina"]
[Result "1-0"]
[WhiteElo "2400"]
[BlackElo "2135"]

1.d4 d5 2.c4 e6 3.Nf3 Be7 4.g3 Nf6 5.Bg2 O-O 6.O-O c6 7.Nbd2 Na6 8.b3 Nc7
9.Ne5 c5 10.dxc5 Bxc5 11.Bb2 Nd7 12.cxd5 Nxe5 13.Bxe5 exd5 14.Nf3 Be6 15.Rc1 Bb6
16.Nd4 Qd7 17.Bxc7 Bxc7 18.e4 Bb6 19.Nxe6 fxe6 20.exd5 Rad8 21.dxe6 Qxd1
22.Rfxd1 Rxd1+ 23.Rxd1 Rxf2 24.Kh1 Kf8 25.Bxb7 Re2 26.Bc8 Rxa2 27.Rd7 Rf2
28.Ba6 Bc5 29.Rc7 Rf5 30.Bd3 Rh5 31.Bc4 g6 32.Rf7+  1-0

[Event "Centrocoop Sept op-A"]
[Site "Eforie Nord"]
[Date "1998.??.??"]
[Round "?"]
[White "Lazarev, Sergei G"]
[Black "Iordache, Traian"]
[Result "1/2-1/2"]
[WhiteElo "2440"]
[BlackElo "2225"]

1.d4 d5 2.c4 e6 3.Nf3 Nf6 4.g3 Be7 5.Bg2 O-O 6.O-O dxc4 7.Na3 c3 8.bxc3 c5
9.Ne5 Nd5 10.Qb3 cxd4 11.cxd4 f6 12.Nf3 Nc6 13.Bd2 Bxa3 14.Qxa3 Nb6 15.Rac1 Nxd4
16.Nxd4 Qxd4 17.Bb4 Re8 18.Rfd1 Qg4 19.Bf3 Qg6 20.Bc5 Nd5 21.e4 Nc7 22.Be3 Na6
23.e5 Qf7 24.Qa4 fxe5 25.Be4 Rb8 26.Qc2 g6 27.Qb2 b6 28.Bc6 Bb7 29.Rd7 Re7
30.Bxb7 Rxd7 31.Bxa6 Qf5 32.Be2 Rbd8 33.Qb5 h5 34.h4 Rf7 35.Rc6  1/2-1/2

[Event "FIN-chT9899"]
[Site "FIN"]
[Date "1998.??.??"]
[Round "4"]
[White "Mertanen, Janne"]
[Black "Taivainen, Jukka"]
[Result "0-1"]
[WhiteElo "2180"]
[BlackElo "2260"]

1.d4 d5 2.c4 e6 3.Nf3 Nf6 4.g3 Be7 5.Bg2 O-O 6.O-O dxc4 7.Qc2 a6 8.Qxc4 b5
9.Qc2 Bb7 10.Nc3 b4 11.Na4 Be4 12.Qd1 Qd5 13.Bf4 Ra7 14.Rc1 Nc6 15.h3 Qxa2
16.b3 Bd5 17.Rb1 Na5 18.Nd2 Bxb3 19.Nxb3 Qxa4 20.Nxa5 Qxa5 21.e4 Rd8 22.Qb3 c5
23.d5 exd5 24.exd5 Bd6 25.Bg5 Be5 26.Rfe1 Bc3 27.Red1 h6 28.Bxf6 Bxf6 29.d6 Bd4
30.Re1 Rxd6 31.Re8+ Kh7 32.Be4+ g6 33.Re1 Rf6 34.Re2 Qb5 35.Bd3 Qd7 36.R8e4 Qd6
37.Bc4 a5 38.Qd3 a4 39.Kg2 Qc6 40.Kh2 a3 41.Ba2 Rxf2+ 42.Rxf2 Bxf2 43.Bd5 Rd7
44.Re7 Qxd5 45.Rxd7 Qxd3 46.Rxd3 Bd4  0-1

[Event "FRA-chJM6"]
[Site "FRA"]
[Date "1998.??.??"]
[Round "5"]
[White "Goupe, Julien"]
[Black "Rainfray, Arnaud"]
[Result "1/2-1/2"]
[WhiteElo "2115"]
[BlackElo "2270"]

1.d4 d5 2.c4 e6 3.Nf3 Nf6 4.g3 Be7 5.Bg2 O-O 6.O-O dxc4 7.Qc2 a6 8.Qxc4 b5
9.Qc2 Bb7 10.Bf4 Nc6 11.Nbd2 Rc8 12.Nb3 Nb4 13.Qc1 Bd5 14.Qd1 Bxb3 15.Qxb3 c5
16.dxc5 Bxc5 17.e3 Qb6 18.a3 Nc6 19.Ne5 Na5 20.Qa2 Bd6 21.Rfd1 Rfd8 22.Nf3 Nd5
23.Bxd6 Rxd6 24.Rd4 Rdc6 25.Rad1 Rc4 26.Rxc4 bxc4 27.Bf1 g6 28.Rd4 c3 29.bxc3 Rxc3
30.Ne5 Nb3 31.Rc4 Nc5 32.Rxc3 Nxc3 33.Qc4 Nd5 34.Nd3 Nxd3 35.Qxd3 a5 36.e4 Nf6
37.Kg2 Qc6 38.f3 Qb6 39.Qb5 Qc7 40.Bc4 Kg7 41.Qb3 h5 42.h4 Nd7 43.Bb5 Ne5
44.Qb2 Kh7 45.a4 Qc5 46.Qe2 Qc3 47.Kf2 Kg7 48.Kg2 f6 49.Kf2 Qc1 50.Kg2  1/2-1/2

[Event "FRA-chJM6"]
[Site "FRA"]
[Date "1998.??.??"]
[Round "5"]
[White "Le Roux, Jean Pierre"]
[Black "Minet, Steve"]
[Result "1-0"]
[WhiteElo "2275"]
[BlackElo "2080"]

1.Nf3 Nf6 2.d4 e6 3.g3 d5 4.c4 Be7 5.Bg2 O-O 6.O-O Nbd7 7.Qc2 c6 8.Nbd2 b6
9.e4 dxe4 10.Ng5 h6 11.Ngxe4 Bb7 12.Rd1 Nxe4 13.Nxe4 Nf6 14.Nxf6+ Bxf6 15.Bf4 Qe7
16.c5 Qd7 17.Rac1 Rfd8 18.Bd6 Be7 19.Be5 b5 20.h4 a5 21.Kh2 b4 22.Qe4 Bf8
23.Qe3 f6 24.Bf4 g5 25.Bd6 Bxd6 26.cxd6 Qxd6 27.Bh3 Re8 28.Re1 e5 29.Qe4 Kg7
30.h5 f5 31.dxe5 fxe4 32.exd6 Rad8 33.Rcd1 Re5 34.Bg4 Rd5 35.Rxd5 cxd5 36.Rc1 Kf6
37.Rc7 Ba6 38.Rh7 d4 39.Rxh6+ Ke5 40.Rg6 Bc4 41.h6 Bg8 42.d7 d3 43.Rc6 d2
44.Rc8 Rxd7 45.Rxg8 Rh7 46.Re8+ Kd4 47.Rd8+ Kc4 48.Rxd2 Rxh6+ 49.Kg2 a4 50.Be2+ Kc5
51.Rc2+ Kd5 52.Rc8 a3 53.bxa3 bxa3 54.Ra8 Rb6 55.Rxa3 Rb2 56.Bg4 Kd4 57.Re3 Rxa2
58.Bf5 Ke5 59.Bxe4 Rb2 60.Bc6+ Kf5 61.Bd7+ Kf6 62.Rf3+ Kg7 63.Bg4 Rd2 64.Rf5 Kg6
65.Re5 Rb2 66.Re6+ Kg7 67.Bf5 Rb5 68.g4 Kf7 69.Rg6 Rb2 70.Rxg5 Rb3 71.Rg6 Ra3
72.Rc6 Ra4 73.Kg3 Rb4 74.f4 Ra4 75.g5 Ra5 76.Kg4 Rb5 77.g6+ Kg7 78.Kg5 Rb7
79.Rd6 Kh8 80.Rd8+ Kg7 81.Rd7+ Rxd7 82.Bxd7 Kh8 83.Kf6 Kg8 84.Be6+  1-0

[Event "Oberliga Sued W9798"]
[Site "GER"]
[Date "1998.??.??"]
[Round "?"]
[White "Busch, Raimund"]
[Black "Muench, Ingo"]
[Result "1/2-1/2"]
[WhiteElo "2305"]
[BlackElo "2190"]

1.Nf3 Nf6 2.c4 e6 3.g3 d5 4.Bg2 Be7 5.d4 O-O 6.Qc2 a6 7.Nbd2 Bd7 8.O-O dxc4
9.Ne5 Bc6 10.Nxc6 Nxc6 11.Bxc6 bxc6 12.Qxc4 Qd5 13.Qxd5 cxd5 14.Nb3 a5 15.Be3 a4
16.Nc1 Ng4 17.Nd3 Nxe3 18.fxe3 Rfb8 19.Rac1 Ra7 20.Rc6 Bd6 21.Kg2 Kf8 22.g4 Ke7
23.h4 f6 24.Kf3 e5 25.e4 dxe4+ 26.Kxe4 exd4 27.Kxd4 Rb5 28.Rf5 Rxf5 29.gxf5 Ra5
30.e4 g6 31.fxg6 hxg6  1/2-1/2

[Event "Oberliga Ost A9899"]
[Site "GER"]
[Date "1998.??.??"]
[Round "?"]
[White "Roeber, Bjoern"]
[Black "Mueller, Michael"]
[Result "1-0"]
[WhiteElo "2325"]
[BlackElo "2315"]

1.d4 d5 2.Nf3 Nf6 3.c4 e6 4.g3 Be7 5.Bg2 O-O 6.O-O Nbd7 7.Qc2 c5 8.Rd1 b6
9.cxd5 exd5 10.dxc5 Bxc5 11.Nc3 Bb7 12.Ng5 h6 13.Nh3 Rc8 14.Qf5 Qe7 15.Nf4 Rfd8
16.Nfxd5 Nxd5 17.Nxd5 Bxd5 18.Rxd5 Qxe2 19.Bxh6 Nf8 20.Bd2 g6 21.Qf6 Be7
22.Qf4 Ne6 23.Qe3 Qxe3 24.Bxe3 Bf6 25.Rxd8+ Rxd8 26.Rb1 Bd4 27.Bxd4 Rxd4
28.Kf1 Rd2 29.Ke1 Rc2 30.Be4 Rc5 31.Kd2 f5 32.Bg2 Kf7 33.Rc1 Rb5 34.b3 Ra5
35.a4 Ke7 36.Bc6 Nd4 37.Rc3 Re5 38.Kd3 Ne6 39.b4 Re1 40.Kc4 Kd6 41.Be8 Re4+
42.Kd3 g5 43.Rc4 Re1 44.h4 gxh4 45.Rxh4 Rb1 46.Bb5 Rb3+ 47.Kd2 Ng5 48.Rf4 Ke5
49.Kc2 Ra3 50.Kb2 Rf3 51.Rxf3 Nxf3 52.Kc3 Nd4 53.Ba6 Ne6 54.f4+ Kd6 55.Bd3 Ng7
56.Kd4 Ke6 57.Be2 Kd6 58.Kc4 a6 59.Kc3 b5 60.axb5 axb5 61.Kd4 Ne6+ 62.Ke3 Nc7
63.Bd3 Nd5+ 64.Kd4 Nxb4 65.Bxf5 Nc6+ 66.Kd3 Kc5 67.g4 Nb4+ 68.Ke4 Kd6 69.Kf3 Nd5
70.g5 b4 71.Bc2 Nc7 72.f5 Ke5 73.f6 Ne6 74.Kg4 Nf8 75.Kh5 Ne6 76.Kh6 Nd8
77.Bb3 Ne6 78.Bxe6 Kxe6 79.g6 b3 80.g7  1-0

[Event "Oberliga Ost A9899"]
[Site "GER"]
[Date "1998.??.??"]
[Round "?"]
[White "Prochnow, Mario"]
[Black "Reipsch, Jens"]
[Result "1/2-1/2"]
[WhiteElo "2230"]
[BlackElo "2255"]

1.d4 Nf6 2.c4 e6 3.Nf3 d5 4.g3 Be7 5.Bg2 O-O 6.O-O Nbd7 7.b3 a6 8.Nbd2 c5
9.Bb2 b5 10.cxd5 Nxd5 11.Ne4 Bb7 12.Qd2 N5f6 13.Nxc5 Nxc5 14.dxc5 Bxc5 15.Qg5 Be7
16.Rfd1 Qb6 17.Bd4 Qa5 18.Ne5 h6 19.Qh4 Bxg2 20.Kxg2 b4 21.Nc4 Qf5 22.f3 Nd5
23.e4 Bxh4 24.exf5 Bf6 25.Bxf6 gxf6 26.Rd4 Rac8 27.Rg4+ Kh8 28.Kf2 Rfd8 29.a3 Rc6
30.Rd4  1/2-1/2

[Event "Oberliga Ost B9899"]
[Site "GER"]
[Date "1998.??.??"]
[Round "?"]
[White "Kleschtschow, Juri"]
[Black "Oumnov, Aleksei"]
[Result "1/2-1/2"]
[WhiteElo "2115"]
[BlackElo "2245"]

1.d4 d5 2.Nf3 Nf6 3.c4 e6 4.g3 Be7 5.Bg2 O-O 6.O-O c6 7.Nbd2 Nbd7 8.b3 Re8
9.Bb2 Nf8 10.Ne5 N6d7 11.Nd3 b6 12.b4 Bb7 13.Qb3 Ng6 14.e4 Nf6 15.cxd5 cxd5
16.e5 Ne4 17.Nb1 h5 18.f3 Ng5 19.h4 Nh7 20.f4 Nhf8 21.a4 Bxh4 22.gxh4 Nxh4
23.Qd1 g6 24.Nd2 Rc8 25.Qe2 Qd7 26.b5 Kg7 27.Rfc1 Nh7 28.Bh3 Rg8 29.Rxc8 Qxc8
30.Rc1 Qd8 31.Nf3 Nf5 32.Bxf5 gxf5 33.Kh2 Kh6 34.Rg1 Rg4 35.Rxg4 fxg4 36.Ng5 Nxg5
37.fxg5+ Kxg5 38.Qe3+ Kg6 39.Nf4+ Kh7 40.Qg3 Qg5 41.Ng2 a6 42.Qf4 Qg6 43.Ba3 axb5
44.axb5 Bc8 45.Be7 Bd7 46.Qg5 Bxb5 47.Qxg6+ Kxg6 48.Nh4+ Kh6 49.Bd8 Bd3 50.Bxb6 Be4
51.Bd8 Kh7 52.Kg3 Kg7 53.Bg5 Kh7 54.Bd2 Kg7 55.Bg5 Kh7 56.Bf6 Kh6 57.Bd8  1/2-1/2

[Event "Oberliga Ost B9899"]
[Site "GER"]
[Date "1998.??.??"]
[Round "?"]
[White "Mueller, Andrea"]
[Black "Barth, Andreas"]
[Result "1/2-1/2"]
[WhiteElo "2155"]
[BlackElo "2190"]

1.d4 e6 2.c4 Nf6 3.Nf3 Be7 4.g3 d5 5.Bg2 O-O 6.O-O Nbd7 7.b3 b6 8.Bb2 Bb7
9.Ne5 Rc8 10.Nc3 c5 11.e3 Qc7 12.cxd5 cxd4 13.exd4 Bxd5 14.Nxd5 Nxd5 15.Rc1 Qb7
16.Qe2 b5 17.Nd3 b4 18.Rfe1 Qb5 19.Bxd5 Rxc1 20.Rxc1 Qxd5 21.Nf4 Qd6 22.Qf3 Nb6
23.Nd3 Qd5 24.Qg4 Rd8  1/2-1/2

[Event "Oberliga Nord N9899"]
[Site "GER"]
[Date "1998.??.??"]
[Round "?"]
[White "Nogly, Christoph"]
[Black "Weyrich, Morten"]
[Result "1/2-1/2"]
[WhiteElo "2215"]
[BlackElo "2345"]

1.d4 d5 2.c4 e6 3.Nf3 Nf6 4.g3 Be7 5.Bg2 O-O 6.O-O b6 7.Nc3 Bb7 8.Ne5 Ne4
9.Qc2 Nxc3 10.bxc3 Nd7 11.Rd1 c6 12.e4 Rc8 13.Qa4 Nxe5 14.dxe5 Qc7 15.Be3 dxe4
16.Bxe4 Qxe5 17.Bg2 Bc5 18.Bxc5 Qxc5 19.Rd7 Ba8 20.Qxa7 Qxc4 21.Rad1 Qxc3
22.Qxb6 g6 23.a4 c5 24.a5 Rb8 25.Qc7 Rbc8 26.Qb6 Rb8 27.Bxa8 Rxb6 28.axb6 Qa5
29.b7 Kg7 30.R7d6 Rxa8 31.bxa8=Q Qxa8 32.R6d3 h5 33.h4 g5 34.hxg5 h4 35.gxh4 Qe4
36.R1d2 c4 37.Re3 Qxh4 38.Rc2 Qg4+ 39.Kh2 Qf4+ 40.Kg2 e5 41.Rcc3 Kf8 42.Kf1 Ke7
43.f3 Qxg5 44.Re4 Qd2 45.Rexc4 f5 46.Rc6 e4 47.fxe4 f4 48.R3c5 Qd3+ 49.Kf2 Qe3+  1/2-1/2

[Event "NRW-Liga I 9899"]
[Site "GER"]
[Date "1998.??.??"]
[Round "2"]
[White "Raetsky, Alexander"]
[Black "Schoenthier, Frank"]
[Result "1/2-1/2"]
[WhiteElo "2440"]
[BlackElo "2370"]

1.d4 Nf6 2.c4 e6 3.g3 d5 4.Nf3 Be7 5.Bg2 O-O 6.O-O dxc4 7.Ne5 Nc6 8.Nxc6 bxc6
9.Na3 Bxa3 10.bxa3 Ba6 11.Bxc6 Rb8 12.Qa4 Rb6 13.Bf3 Nd5 14.Qa5 f5 15.Bd2 Qd7
16.Rab1 Rfb8 17.Rxb6 Rxb6 18.a4 Qd6 19.Rc1 h6 20.e4 fxe4 21.Bxe4 Rb2 22.Rc2 Rxc2  1/2-1/2

[Event "Oberliga Ost B9798"]
[Site "Germany"]
[Date "1998.??.??"]
[Round "?.6"]
[White "Legde, Georg"]
[Black "Ballo, Emanuel"]
[Result "1/2-1/2"]
[WhiteElo "2220"]
[BlackElo "2195"]

1.d4 Nf6 2.c4 e6 3.g3 Be7 4.Bg2 d5 5.Nf3 O-O 6.O-O dxc4 7.Qc2 a6 8.Qxc4 b5
9.Qc2 Bb7 10.Bd2 Be4 11.Qc1 Qc8 12.Bg5 Nbd7 13.Nbd2 Bb7 14.Nb3 c5 15.dxc5 Nxc5
16.Bxf6 gxf6 17.Qh6 Nxb3 18.axb3 Rd8 19.Rac1 Qd7 20.Ne1 Bxg2 21.Nxg2 Qd2
22.Nf4 e5 23.Rcd1 Qc2 24.Nd5 Qc5 25.Nxf6+ Bxf6 26.Qxf6 Rd5 27.e4 Rd4 28.Qg5+ Kh8
29.Qf6+ Kg8 30.Qg5+ Kh8 31.Rxd4 Qxd4 32.Qf6+ Kg8 33.Qg5+ Kh8 34.Qf6+ Kg8
35.Qg5+ Kh8  1/2-1/2

[Event "BL9798 (Women)"]
[Site "Germany"]
[Date "1998.??.??"]
[Round "?.1"]
[White "Kachiani Gersinska, Ketino"]
[Black "Koglin, Anke"]
[Result "1/2-1/2"]
[WhiteElo "2415"]
[BlackElo "2190"]

1.d4 d5 2.c4 e6 3.Nf3 Nf6 4.g3 Be7 5.Bg2 O-O 6.O-O dxc4 7.Qc2 a6 8.a4 Bd7
9.Qxc4 Bc6 10.Bg5 Bd5 11.Qd3 c5 12.Nc3 cxd4 13.Nxd5 Nxd5 14.Bxe7 Qxe7 15.Nxd4 Nc6
16.Rfd1 Rfd8 17.Nxc6 bxc6 18.Qc4 Qb7 19.Rac1 Qxb2 20.Qxc6 g6 21.Bxd5 exd5
22.Rc2 Qb3 23.Rcd2 Kg7 24.Rd3 Qb2 25.Qc3+ Qxc3 26.Rxc3 Rd6 27.Rcd3 Rad8 28.Kg2 f5
29.h4 Kf6 30.Kf3 h5 31.a5 Ke5 32.Re3+ Kf6 33.Red3 Ke5 34.Re3+ Kf6 35.Rb3 Ke5
36.Rdb1 d4 37.Rd3 Rd5 38.Rb6 R8d6 39.Rxd6 Kxd6 40.Kf4 Ke6 41.Kg5 Kf7 42.e3 Rxa5
43.exd4 Rd5 44.Rc3 f4+ 45.Kxf4 Rxd4+ 46.Ke5 Rd7 47.Ra3 Re7+ 48.Kf4 Re6 49.f3 Kf6
50.g4 hxg4 51.fxg4 Rb6 52.Ra4 Kf7 53.Kg5 Kg7 54.Ra5 Rb5+ 55.Rxb5 axb5 56.Kf4 b4
57.Ke3 b3 58.Kd3 Kf6 59.Kc3 Ke5  1/2-1/2

[Event "BL2-W9798"]
[Site "Germany"]
[Date "1998.??.??"]
[Round "?.8"]
[White "Jackelen, Thomas"]
[Black "Hammes, Michael"]
[Result "0-1"]
[WhiteElo "2370"]
[BlackElo "2310"]

1.c4 e6 2.g3 d5 3.Bg2 Nf6 4.Nf3 Be7 5.d4 O-O 6.Qc2 c5 7.O-O Na6 8.Rd1 Nb4
9.Qb3 dxc4 10.Qxc4 b5 11.Qc3 Bb7 12.Na3 Qb6 13.Qe1 c4 14.Bg5 a5 15.Rd2 Nbd5
16.Nc2 Rac8 17.Ne5 Rfd8 18.a3 b4 19.axb4 axb4 20.e4 c3 21.bxc3 Nxc3 22.d5 Nfxd5
23.h4 Bxg5 24.hxg5 Ne7 25.Ne3 Rxd2 26.Qxd2 Qc5 27.Qd7 Qxe5 28.Qxb7 Ne2+ 29.Kh2 Qxa1
30.Qxe7 Qg1+ 31.Kh3 Qxf2 32.Nf1 b3 33.Qb7 Ng1+ 34.Kh4 Qc2 35.Ne3 Qc3 36.Ng4 b2
37.e5 Ne2 38.Bf3 Nd4 39.Be4 Nf5+ 40.Bxf5 exf5 41.Ne3 h6 42.gxh6 gxh6 43.Nxf5 Qc4+
44.g4 Rc7 45.Qxb2 Kh7 46.Qd2 Qc6 47.Qd3 Qh1+ 48.Kg3 Qe1+ 49.Kg2 Rc3 50.Qf1 Qe4+  0-1

[Event "Oberliga Nord W9798"]
[Site "Germany"]
[Date "1998.??.??"]
[Round "?.2"]
[White "Von Alvensleben, Wolfram"]
[Black "Lau, Udo"]
[Result "1-0"]
[WhiteElo "2225"]
[BlackElo "2255"]

1.d4 Nf6 2.c4 e6 3.g3 d5 4.Bg2 Be7 5.Nf3 O-O 6.O-O c6 7.Qd3 Na6 8.Nbd2 Nb4
9.Qb1 Bd7 10.a3 Na6 11.e4 dxc4 12.Nxc4 c5 13.Rd1 Qc8 14.d5 exd5 15.exd5 Bf5
16.Qa2 b5 17.d6 Bd8 18.Nce5 Be4 19.Qb3 Rb8 20.Ne1 c4 21.Qc3 Nc5 22.Bxe4 Ncxe4
23.Qf3 b4 24.axb4 Rxb4 25.Rd4 Qc5 26.Rxe4 Nxe4 27.Qxe4 Re8 28.N1f3 c3 29.d7 Rf8
30.Nd3 cxb2 31.Bxb2 Rxe4 32.Nxc5 Rc4 33.Ba3 Rc3 34.Nd4 Be7 35.Bb4 Rxc5 36.Bxc5 Bxc5
37.Nc6 Bb6 38.Re1 a5 39.Re8 a4 40.Ne7+  1-0

[Event "Oberliga Nord N9798"]
[Site "Germany"]
[Date "1998.??.??"]
[Round "?"]
[White "Hochgraefe, Markus"]
[Black "Weyrich, Morten"]
[Result "0-1"]
[WhiteElo "2290"]
[BlackElo "2350"]

1.c4 e6 2.g3 d5 3.Bg2 Nf6 4.Nf3 Be7 5.d4 O-O 6.Nc3 Nbd7 7.Qd3 b6 8.cxd5 exd5
9.Ne5 Bb7 10.Bf4 Rc8 11.Rd1 c6 12.O-O Re8 13.Rfe1 Nf8 14.a3 Ne6 15.Bc1 Bd6
16.Nf3 c5 17.dxc5 Bxc5 18.b4 Bxf2+ 19.Kxf2 Rxc3 20.Qb1 b5 21.Kf1 Ne4 22.Rd3 Qf6
23.Kg1 Rc4 24.Rf1 Nc3 25.Qb2 Nf4 26.gxf4 Nxe2+ 27.Kh1 Rxc1 28.Qxf6 gxf6 29.Rxc1 Nxc1
30.Rc3 Ne2 31.Rc7 Ba8 32.Bf1 Nxf4 33.Nd4 Ne6 34.Nxe6 d4+ 35.Kg1 fxe6 36.Bxb5 Rd8
37.Bd3 f5 38.Kf2 Be4 39.Ke2 Bxd3+ 40.Kxd3 e5 41.Rxa7 e4+ 42.Kd2 e3+ 43.Kd3 Re8  0-1

[Event "Bundesliga 9798"]
[Site "Germany"]
[Date "1998.??.??"]
[Round "?.1"]
[White "Ftacnik, Lubomir"]
[Black "Lutz, Christopher"]
[Result "1/2-1/2"]
[WhiteElo "2585"]
[BlackElo "2590"]

1.d4 d5 2.c4 e6 3.Nf3 Nf6 4.g3 Be7 5.Bg2 O-O 6.O-O dxc4 7.Qc2 a6 8.Qxc4 b5
9.Qc2 Bb7 10.Bf4 Nc6 11.Rd1 Nb4 12.Qc1 Rc8 13.Nc3 Nbd5 14.Nxd5 Bxd5 15.Be3 c6
16.Ne1 Bxg2 17.Kxg2 Nd5 18.Nd3 Nxe3+ 19.Qxe3 Qd5+ 20.Kg1 c5 21.dxc5 Bxc5
22.Nxc5 Qxc5 23.Qxc5 Rxc5 24.Rac1 Rxc1 25.Rxc1 Rd8 26.Rc6 Kf8 27.Rxa6 Rd2
28.b4 Rxe2 29.Ra5 Ke7 30.Kg2 Rb2 31.Rxb5 Rxa2 32.Rb7+ Kf6 33.h4 Ra3 34.g4 Rb3
35.f4 g6 36.Rb5 Ke7 37.g5 Kd6 38.Rb7 e5 39.Rxf7 Rxb4 40.Rxh7 Ke6 41.fxe5  1/2-1/2

[Event "Bundesliga 9798"]
[Site "Germany"]
[Date "1998.??.??"]
[Round "?.2"]
[White "Krasenkow, Michal"]
[Black "Ribli, Zoltan"]
[Result "1/2-1/2"]
[WhiteElo "2645"]
[BlackElo "2570"]

1.Nf3 Nf6 2.c4 e6 3.d4 d5 4.g3 Be7 5.Bg2 O-O 6.O-O dxc4 7.Ne5 Nc6 8.Bxc6 bxc6
9.Nxc6 Qe8 10.Nxe7+ Qxe7 11.Qa4 c5 12.Qxc4 cxd4 13.Qxd4 Rd8 14.Qh4 Rb8 15.b3 Ba6
16.Nc3 Qc5 17.Ne4 Nxe4 18.Qxe4 Rb4 19.Qe3 Qc2 20.Ba3 Re4 21.Rfc1 Qxe2  1/2-1/2

[Event "Bundesliga 9798"]
[Site "Germany"]
[Date "1998.??.??"]
[Round "?.2"]
[White "Ribli, Zoltan"]
[Black "King, Daniel J"]
[Result "1/2-1/2"]
[WhiteElo "2570"]
[BlackElo "2530"]

1.c4 e6 2.g3 d5 3.Bg2 Nf6 4.Nf3 Be7 5.d4 O-O 6.O-O dxc4 7.Qc2 a6 8.a4 Nc6
9.Qxc4 Qd5 10.Qd3 Rd8 11.Nc3 Qh5 12.Qc4 Bd7 13.Bf4 Rac8 14.e4 Na5 15.Qe2 Be8
16.Qc2 c5 17.d5 exd5 18.Nxd5 Nxd5 19.exd5 Rxd5 20.Rae1 Bf6 21.b4 Nc6 22.Qe4 Rdd8
23.Bc7 h6 24.Bxd8 Rxd8 25.b5 axb5 26.axb5 Na5 27.Rd1 Bxb5 28.Rxd8+ Bxd8 29.Rd1 Bf6
30.Rd5 Bc6 31.Rxh5 Bxe4 32.Rxc5 Nc6 33.Nd2 Bxg2 34.Kxg2 Kf8 35.Rb5 Nd8 36.Nc4 Ke7
37.Na5 Kd6 38.Nxb7+ Kc6 39.Nxd8+ Kxb5 40.Nxf7 Kc5 41.Kf3 Bd4 42.Nh8 Kd5 43.Ng6 Ke6
44.Nf4+ Kf6 45.Nd5+ Ke5 46.Ne3 h5 47.Ke2 g5 48.h3 Ba7 49.Kf3 Bc5 50.Ng2 g4+
51.hxg4 hxg4+ 52.Ke2 Kf5  1/2-1/2

[Event "Bundesliga 9798"]
[Site "Germany"]
[Date "1998.??.??"]
[Round "?.4"]
[White "Kachiani Gersinska, Ketino"]
[Black "King, Daniel J"]
[Result "1/2-1/2"]
[WhiteElo "2415"]
[BlackElo "2530"]

1.d4 Nf6 2.c4 e6 3.g3 d5 4.Nf3 Be7 5.Bg2 O-O 6.O-O dxc4 7.Qc2 a6 8.a4 Nc6
9.Qxc4 Qd5 10.Nbd2 Rd8 11.e3 Qxc4 12.Nxc4 Nd5 13.Bd2 a5 14.Rfc1 Bd7 15.Nfe5 Nxe5
16.Nxe5 c6 17.Nxd7 Rxd7 18.Bf1 Bb4 19.Bxb4 Nxb4 20.Rc5 Kf8 21.f4 Ke7 22.Kf2 Rd5
23.Rac1 f5 24.Kf3 h6 25.h4 Rg8 26.Rxd5 Nxd5 27.Rc5 Ra8 28.Bd3 Kd6 29.e4 fxe4+
30.Bxe4 Ra6 31.Bxd5 exd5 32.Kg4 b6 33.Rc2 c5 34.Kf3 Ra7 35.Re2 cxd4 36.Rd2 Re7
37.Rxd4 Kc5 38.Rd2 d4 39.f5 Kc4 40.Rc2+ Kb3 41.Rc6 Kxb2 42.Rxb6+ Kc2 43.Rc6+ Kb3
44.Rd6 Kxa4 45.Rxd4+ Kb3 46.g4 a4 47.g5 hxg5 48.hxg5 a3 49.Rd3+ Kb4 50.Rd4+ Kc3
51.Ra4 Kb3 52.Ra6 Re5 53.Kg4 a2 54.f6 g6 55.f7 Rf5 56.Rb6+ Kc2 57.Ra6 Kb3
58.Rb6+  1/2-1/2

[Event "Oberliga Nord O9798"]
[Site "Germany"]
[Date "1998.??.??"]
[Round "?"]
[White "Konopka, Michal"]
[Black "Kyritz, Michael"]
[Result "1-0"]
[WhiteElo "2410"]
[BlackElo "2270"]

1.Nf3 d5 2.d4 Nf6 3.c4 e6 4.g3 Be7 5.Bg2 O-O 6.O-O dxc4 7.Qc2 a6 8.Qxc4 b5
9.Qc2 Bb7 10.Bg5 Nbd7 11.Bxf6 Nxf6 12.Nbd2 Rc8 13.Nb3 Be4 14.Qc3 Qd5 15.Rfd1 b4
16.Qe3 Qb5 17.Ne5 Bxg2 18.Kxg2 c5 19.dxc5 Bxc5 20.Nxc5 Rxc5 21.Nd3 Rc2 22.Qf3 e5
23.e4 Rc4 24.Rac1 Rxe4 25.Rc5 Qa4 26.Nxe5 Qxa2 27.Rd6 Qxb2 28.Rxf6 Rxe5 29.Rxf7 Rfe8
30.Rcc7 R5e6 31.Qd5 b3 32.Qd7  1-0

[Event "BL2-O9798"]
[Site "Germany"]
[Date "1998.??.??"]
[Round "4.6"]
[White "Sandner, Gunter"]
[Black "Heinatz, Gundula"]
[Result "1-0"]
[WhiteElo "2315"]
[BlackElo "2220"]

1.d4 d5 2.Nf3 Nf6 3.c4 e6 4.g3 Be7 5.Bg2 O-O 6.O-O c5 7.cxd5 exd5 8.Nc3 Nc6
9.Bg5 c4 10.Ne5 Be6 11.Nxc6 bxc6 12.b3 cxb3 13.axb3 h6 14.Bxf6 Bxf6 15.Na4 Bg4
16.Qd3 h5 17.Rfc1 Qd6 18.Rc5 h4 19.e3 hxg3 20.hxg3 g6 21.Qa6 Rac8 22.Bxd5 Be6
23.Bxe6 Qxe6 24.Rac1 Qxb3 25.Rxc6 Rxc6 26.Qxc6 Bg5 27.Nc3 Rd8 28.Ra1 Qb8
29.Ne4 Be7 30.Rc1 a5 31.Ra1 Bb4 32.Ng5 Qa7 33.Qh1 Kf8 34.Qh8+ Ke7 35.Qe5+ Kf8
36.Nh7+ Kg8 37.Nf6+ Kf8 38.Nd5 Rxd5 39.Qxd5 Qe7 40.Kg2 Kg7 41.Qc6  1-0

[Event "NRW-Liga 9798"]
[Site "Germany"]
[Date "1998.??.??"]
[Round "5"]
[White "Loehr, Markus"]
[Black "Auer, Martin"]
[Result "1/2-1/2"]
[WhiteElo "2145"]
[BlackElo "2340"]

1.d4 Nf6 2.c4 e6 3.g3 d5 4.Bg2 Be7 5.Nf3 O-O 6.O-O dxc4 7.Qc2 a6 8.a4 Bd7
9.Rd1 Bc6 10.Nc3 Nbd7 11.e4 b6 12.d5 exd5 13.e5 Nc5 14.Nd4 Bb7 15.Nf5 Nb3
16.Rb1 c6 17.Bg5 Bc8 18.Nxe7+ Qxe7 19.exf6 Qe5 20.fxg7 Re8 21.Nxd5 Qxg5 22.Ne3 Na5
23.Be4 Be6 24.Bxh7+ Kxg7 25.Bf5 Bxf5 26.Nxf5+ Kf8 27.Nd6 Re6 28.Nxc4 Nxc4
29.Qxc4 Rae8 30.Qxa6 c5 31.Qd3 Qh5 32.Kg2 Rh6 33.h4 Qg4 34.Re1 Qxa4 35.Rxe8+ Qxe8
36.Rd1 Kg7 37.Qc3+ Kh7 38.Qf3 Qe6 39.Rd8 Rf6 40.Qa8 Qc6+ 41.Qxc6 Rxc6 42.Rb8 Rd6
43.Kf1 Kg6 44.Ke2 Kf5 45.Ke3  1/2-1/2